01123cam a22002891 450000100060000000300080000600500170001400800410003103500190007203500190009104000300011004100080014008200310014810000460017911000450022524501370027026000430040730000810045049000290053150400280056065000240058865000270061265000200063994200120065999900170067195201450068819483BD-RjUL20211209000435.0760108s1957 xx 000 0 eng  a(BD-RjUL)19543 a(BD-RjUL)19543 aDLCcRUndOCoLCdDLCbeng aeng a745.52643a746.72KUC 1957 aKühnel ,Ernst .qErnst Kühnel.9598572 aTextile Museum (Washington, D.C.)95986910aCairene rugs and others technically related, 15th century-17th century,cby Ernst Kühnel. Technical analysis by Louisa Bellinger. aWashington,bNational Pub. Co.,c1957. avii, 90 p. :b49 plates (part col.) maps (on lining papers) table. ;c31 cm.1 aIts Catalogue raisonné aBibliography: p. 83-84. 0aRugszEgypt.959859 0aRugs, Oriental.959860 0aCarpets.959861 2ddccBK c19483d19483 00102ddc40718NFICaRUCLbRUCLcReadingd1965-02-18eZeittingerg57.00l0o745.52643 KUC 1957r2014-02-24 00:00:00tC-1w2014-02-24yBK